[Event "Tapolca"]
[Site "Tapolca"]
[Date "1989.??.??"]
[Round "?"]
[White "Nemeth, Zoltan"]
[Black "Levasseur, Philippe"]
[Result "1-0"]
[WhiteElo "2355"]
[BlackElo "2240"]

1.Nf3 Nf6 2.g3 g6 3.Bg2 Bg7 4.c4 d6 5.d4 O-O 6.O-O Nbd7 7.Nc3 e5 8.e4 Nh5
9.Re1 h6 10.Be3 Kh7 11.Qd2 f5 12.exf5 gxf5 13.dxe5 dxe5 14.Rad1 c6 15.Nh4 Qe8
16.Qc2 Nb6 17.g4 Nf6 18.Bc5 Rg8 19.Bxb6 axb6 20.h3 e4 21.Nxf5 Bxf5 22.gxf5 Qh5
23.Nxe4 Nxe4 24.Qxe4 Bf6 25.Kf1 Rg7 26.Rd6 Rag8 27.Rxf6 Rxg2 28.Rg6 R2xg6
29.fxg6+ Rxg6 30.Qd3 Qg5 31.Re6 Qc1+ 32.Ke2 Qxb2+ 33.Kf3 Qg7 34.Qxg6+ Qxg6
35.Rxg6 Kxg6 36.Ke4 Kf6 37.f4 Ke6 38.f5+ Kd6 39.Kd4 c5+ 40.Ke4 b5 41.cxb5 c4
42.a4  1-0

[Event "Tel Aviv-B"]
[Site "Tel Aviv"]
[Date "1989.??.??"]
[Round "?"]
[White "Csom, Istvan"]
[Black "Kagan, Shimon"]
[Result "1/2-1/2"]
[WhiteElo "2545"]
[BlackElo "2375"]

1.d4 Nf6 2.c4 g6 3.g3 Bg7 4.Bg2 O-O 5.Nf3 d6 6.Nc3 Nbd7 7.O-O e5 8.b3 Re8
9.e4 b6 10.Rb1 exd4 11.Nxd4 Bb7 12.f3 Nc5 13.Bb2 a5 14.Qd2 Qd7 15.Rbd1 Re7
16.Qc2 Rae8 17.a3 Ba6 18.Ndb5 Qc8 19.Ne2 Ne6 20.Bc3 Bxb5 21.cxb5 Nh5 22.Qb2 f5
23.exf5 Nc5 24.Nd4 Bxd4+ 25.Bxd4 Re2 26.Rd2 Rxd2 27.Qxd2 Nxb3 28.Qa2 a4 29.fxg6 hxg6
30.Bf2 Nf6 31.Qc2 Kg7 32.Qc4 Nd2 33.Qc3 Nxf1 34.Bxf1 Qd7 35.Bd4 Qe7 36.Kf2 d5
37.Bd3 Kf7 38.h4 Nh5 39.Qc1 Nf6 40.Qc2 Qe1+ 41.Kg2 Re7 42.Bxg6+ Kg7 43.Bd3 Kf7
44.Bg6+ Kg7 45.Bd3 Kf7 46.Bf2 Qa1 47.Bg6+ Kg7 48.Bf5 Qe5 49.Bd3 d4 50.Qxa4 Rd7
51.Qb4 Nd5 52.Bxd4 Nf4+ 53.gxf4 Qxd4 54.Qxd4+ Rxd4 55.Be4 Ra4 56.Kg3 Rxa3
57.Bc6 Kf6 58.Kg4 Ra1 59.f5 Ra4+ 60.f4 Ra1 61.h5 Rg1+ 62.Kf3 Rf1+ 63.Kg4 Rc1
64.Be4 Rc4 65.Bc6 Rc5 66.h6 Rc1 67.Be4 Rg1+ 68.Kh5 Rg3 69.Kh4 Rg8 70.Kh5 Rg3
71.Kh4 Rg8 72.Kh5 Rg3 73.Kh4  1/2-1/2

[Event "Tel Aviv-B"]
[Site "Tel Aviv"]
[Date "1989.??.??"]
[Round "?"]
[White "Davies, Nigel R"]
[Black "Pein, Malcolm"]
[Result "1/2-1/2"]
[WhiteElo "2485"]
[BlackElo "2405"]

1.c4 Nf6 2.Nf3 g6 3.g3 Bg7 4.d4 d6 5.Bg2 O-O 6.O-O Nc6 7.Nc3 a6 8.b3 Rb8
9.Bb2 b5 10.cxb5 axb5 11.Rc1  1/2-1/2

[Event "Tel Aviv-A"]
[Site "Tel Aviv"]
[Date "1989.??.??"]
[Round "8"]
[White "Bruk, Ofer"]
[Black "Levitt, Jonathan"]
[Result "1-0"]
[WhiteElo "2415"]
[BlackElo "2495"]

1.d4 Nf6 2.Nf3 g6 3.c4 Bg7 4.g3 O-O 5.Bg2 d6 6.O-O Nc6 7.Nc3 a6 8.a3 Rb8
9.b4 Bf5 10.Bb2 Qd7 11.Re1 Ne4 12.Nd5 g5 13.h4 h6 14.hxg5 hxg5 15.Nd2 Nxd2
16.Qxd2 e6 17.Ne3 Bh7 18.d5 exd5 19.Nxd5 f6 20.b5 Nd8 21.bxa6 bxa6 22.Nb4 a5
23.Nd3 Kh8 24.Rab1 a4 25.Bxf6 Rxb1 26.Bxg7+ Qxg7 27.Rxb1 Ne6 28.Rd1 Qf6 29.Qe3 Bxd3
30.Rxd3 Rb8 31.Bh3 Ng7 32.Qd4 Qxd4 33.Rxd4 Rb3 34.Rd3 Rb1+ 35.Kg2 Rc1 36.Rd4 Rc3
37.c5 Rxa3 38.cxd6 cxd6 39.Bd7 Ra2 40.e4 a3 41.Rxd6 Rc2 42.Bc6 Kg8 43.Bd5+ Kf8
44.Ra6 Rc3 45.Ra7 Nh5 46.Kh3 Nf4+ 47.Kg4 Nxd5 48.exd5 Rd3 49.Kxg5 Rxd5+ 50.Kg4 Rd2
51.f4 Rd3 52.f5 Ke8 53.Kf4 Kd8 54.g4 Kc8 55.f6 Kb8 56.f7 Rd4+ 57.Kg5 Kxa7
58.f8=Q Ra4 59.Qf7+ Kb6 60.Qb3+ Ka5 61.Qa2 Kb4 62.Kh5 Ra5+ 63.g5 Rc5 64.Kh6 Rc3
65.g6 Rh3+ 66.Kg5 Rg3+ 67.Kf6 Rf3+ 68.Ke7 Re3+ 69.Kf7 Rf3+ 70.Ke6 Re3+ 71.Kd5  1-0

[Event "Tirnavia-B"]
[Site "Trnava"]
[Date "1989.??.??"]
[Round "1"]
[White "Savon, Vladimir A"]
[Black "Schlosser, Michael"]
[Result "1/2-1/2"]
[WhiteElo "2425"]
[BlackElo "2440"]

1.Nf3 Nf6 2.d4 g6 3.c4 Bg7 4.g3 O-O 5.Bg2 d6 6.O-O Nbd7 7.Nc3 e5 8.e4 c6
9.b3 Re8 10.Re1 exd4 11.Nxd4 Ng4 12.Bb2 Nc5 13.Qd2 Qf6 14.Nf3 Ne5 15.Nxe5 dxe5
16.Rad1 Bg4 17.f3 Be6 18.Qf2 Bf8 19.Bf1 a5 20.Bc1 Na6 21.Na4 Bb4 22.Bd2 Rad8
23.Bxb4 axb4 24.c5 Nc7 25.Nb6 Qe7 26.Qe3 Rxd1 27.Rxd1 Rd8 28.Rxd8+ Qxd8 29.Bd3 Ne8
30.Kf2 Nf6 31.Ke2 Nd7 32.Na4 Qe7 33.Qd2 Qf8 34.Qe3 h5 35.h4 Kh7 36.Kf2 Qe7
37.Kg2 Kg7 38.Kh2 f6 39.Bf1 g5 40.Qe1 Kg6 41.Qxb4 b5 42.Nb2 Qxc5 43.Qxc5 Nxc5
44.b4 Na6 45.a3 Bb3 46.Bh3 Kf7 47.Bc8 Nc7 48.hxg5 fxg5 49.Nd3 Kf6 50.Nc5 Bd1
51.Kg2 Ke7 52.Bf5 Na8 53.Nd7 Kd6 54.Kf2 Bb3 55.Nc5 Bf7 56.a4 bxa4 57.Nxa4 Nc7
58.Nc3 Be6 59.Bg6 h4 60.Kg2 Bc4 61.gxh4 gxh4 62.Kh3 Na6 63.Kxh4 Nxb4 64.Kg5 Kc5
65.f4 Kd4 66.Na4 exf4 67.Kxf4 Nd3+ 68.Kf5 Bb5 69.Nb6  1/2-1/2

[Event "Tirnavia-B"]
[Site "Trnava"]
[Date "1989.??.??"]
[Round "2"]
[White "Savon, Vladimir A"]
[Black "Lanka, Zigurds"]
[Result "1/2-1/2"]
[WhiteElo "2425"]
[BlackElo "2420"]

1.d4 Nf6 2.c4 g6 3.Nf3 Bg7 4.g3 O-O 5.Bg2 d6 6.Nc3 Nc6 7.O-O a6 8.b3 Rb8
9.Nd5 Nh5 10.Bb2 e6 11.Nc3 b5 12.cxb5 axb5 13.Rc1 b4 14.Na4 Bd7 15.Qc2 Qe7
16.e3 Rfc8 17.Ne1 Na5 18.Nd3 Nf6 19.Qd2 Bxa4 20.bxa4 d5 21.Nc5 Nc4 22.Qe2 Nd7
23.Na6 Rb6 24.Rxc4 dxc4 25.Qxc4 c6 26.a5 Rb5 27.Rc1 Rxa5 28.Nxb4 Nb8 29.Bc3 Ra7
30.a4 h5 31.Nd3 Na6 32.Rb1 Qc7 33.Bd2 c5 34.d5 e5 35.Rb5 Kh7  1/2-1/2

[Event "Warsaw op"]
[Site "Warsaw"]
[Date "1989.??.??"]
[Round "?"]
[White "Romanishin, Oleg M"]
[Black "Belkhodja, Slim"]
[Result "1-0"]
[WhiteElo "2555"]
[BlackElo "2365"]

1.d4 Nf6 2.Nf3 g6 3.g3 Bg7 4.c4 O-O 5.Bg2 d6 6.O-O Nbd7 7.Qc2 e5 8.Rd1 Re8
9.dxe5 dxe5 10.e4 Qe7 11.b3 Nc5 12.Nc3 c6 13.Ba3 Nfd7 14.Na4 b6 15.Ne1 Nf8
16.Nd3 Nfe6 17.Ndxc5 bxc5 18.Qd2 Bf8 19.Qa5 Rb8 20.Rd3 Rb6 21.Nxb6 Qc7 22.Qd2 axb6
23.Bb2 Nd4 24.a4 Be6 25.a5 b5 26.Bxd4 bxc4 27.Bxc5 Bxc5 28.bxc4 Bxc4 29.Rd7 Qc8
30.Bh3  1-0

[Event "Warsaw op"]
[Site "Warsaw"]
[Date "1989.??.??"]
[Round "?"]
[White "Panczyk, Krzysztof"]
[Black "Sznapik, Aleksander"]
[Result "0-1"]
[WhiteElo "2400"]
[BlackElo "2455"]

1.d4 Nf6 2.Nf3 g6 3.c4 Bg7 4.g3 O-O 5.Bg2 d6 6.O-O Bg4 7.Nc3 Qc8 8.Bg5 Re8
9.Nd5 Nxd5 10.cxd5 c6 11.Rc1 Qd7 12.dxc6 Nxc6 13.d5 Bxf3 14.exf3 Nb4 15.Rc4 a5
16.a3 Na6 17.Qd2 Qb5 18.Rc2 Nc5 19.Re1 e5 20.dxe6 Nxe6 21.Be3 d5 22.Bf1 Qb3
23.Qd1 a4 24.Rce2 Rac8 25.Bh3 f5 26.f4 Qxd1 27.Rxd1 Nd4 28.Bxd4 Rxe2 29.Bg2 Bxd4
30.Bxd5+ Kg7 31.Rxd4 Rd8  0-1

[Event "DDR-ch 38th"]
[Site "Zittau"]
[Date "1989.??.??"]
[Round "?"]
[White "Gauglitz, Gernot"]
[Black "Knaak, Rainer"]
[Result "1-0"]
[WhiteElo "2410"]
[BlackElo "2465"]

1.Nf3 Nf6 2.d4 g6 3.c4 Bg7 4.g3 O-O 5.Bg2 d6 6.O-O Nbd7 7.Nc3 e5 8.h3 a6
9.dxe5 dxe5 10.Be3 Re8 11.Qc2 c6 12.Rfd1 Qe7 13.Rac1 Rb8 14.a3 Nf8 15.b4 Bf5
16.Qb3 N6d7 17.Qb2 h5 18.Bg5 f6 19.Be3 g5 20.Nd2 Be6 21.Nde4 Nh7 22.Nd6 Rf8
23.Ba7 Ra8 24.Bc5 Nxc5 25.bxc5 Rab8 26.e4 Rfd8 27.Na4 Nf8 28.Qe2 h4 29.Rb1 hxg3
30.fxg3 b5 31.Nb2 Qa7 32.Qf2 Nd7 33.cxb5 axb5 34.Nd3 Bf8 35.Nb4 Qxc5 36.Qxc5 Nxc5
37.Nxc6 Rxd6 38.Nxb8 Rb6 39.Rd8 Nb7 40.Nd7 Nxd8 41.Nxb6 Bc5+ 42.Kh2 Bxb6
43.Rxb5 Bc7 44.Bf1 Kf7 45.Rc5 Bb6 46.Rb5 Bd4 47.a4 Bd7 48.Rb8 Ke7 49.Bb5 Be6
50.a5 f5 51.Bd3 f4 52.Bb5 f3 53.a6 f2 54.Kg2 Nc6 55.Rh8 Na7 56.Be2 Nc8 57.h4 gxh4
58.gxh4 Nd6 59.Bd3 Bc5 60.h5 Bc4 61.Rh7+ Bf7 62.h6 Kf6 63.Rh8 Ne8 64.Bb5 Bg6
65.Bd3 Kf7 66.Kf1 Bd4 67.Bc4+ Kf6 68.Rf8+ Kg5 69.Rxe8 Bxe4 70.a7 Kxh6 71.a8=Q Bxa8
72.Rxa8 Kg7 73.Ra6 Kf8 74.Kg2 Ke7 75.Kf3 Kd7 76.Ke4 Kc7 77.Kd5 Kd7 78.Re6 Kc7
79.Re7+ Kb6 80.Rf7 Ka5 81.Rb7 Ka4 82.Rb5 Ka3 83.Be2 Ka4 84.Kc4 Ka3 85.Rb4 Ba7
86.Rb5  1-0

[Event "Klee mem"]
[Site "Zuerich"]
[Date "1989.??.??"]
[Round "10"]
[White "Ilic, Zoran"]
[Black "Gallagher, Joseph G"]
[Result "1/2-1/2"]
[WhiteElo "2380"]
[BlackElo "2445"]

1.Nf3 Nf6 2.c4 g6 3.d4 Bg7 4.g3 O-O 5.Bg2 d6 6.O-O Nbd7 7.Nc3 e5 8.e4 c6
9.b3 Re8 10.h3 Qe7  1/2-1/2

[Event "Aarhus int-B"]
[Site "Aarhus"]
[Date "1990.??.??"]
[Round "7"]
[White "Bernei, Andras"]
[Black "McDonald, Neil R"]
[Result "1/2-1/2"]
[WhiteElo "2330"]
[BlackElo "2360"]

1.d4 Nf6 2.c4 g6 3.Nf3 Bg7 4.g3 O-O 5.Bg2 d6 6.O-O Nbd7 7.Nc3 e5 8.h3 c6
9.e4 Qb6 10.Re1 Qb4 11.Bf1 exd4 12.Nxd4 Re8 13.Nb3 a5 14.Bf4 Ne5 15.a3 Qb6
16.Be3 Qc7 17.f4 Ned7 18.Bf2 a4 19.Nc1 Nb6 20.c5 dxc5 21.Bxc5 Be6 22.e5 Nfd5
23.Ne4 f6 24.exf6 Nxf6 25.Qd6 Qd7 26.Nd3 Nxe4 27.Rxe4 Bxh3 28.Rxe8+ Rxe8
29.Bxh3 Qxh3 30.Bxb6 Qxg3+ 31.Kf1 Qh3+ 32.Kg1 Qg4+ 33.Kf1 Bf8 34.Qd4 Qe2+
35.Kg1 Qg4+ 36.Kf1 Qh3+ 37.Kg1 Qg3+ 38.Kf1 Qh3+ 39.Kg1 Qg4+ 40.Kf1 Qe2+ 41.Kg1  1/2-1/2

[Event "FRA-ch"]
[Site "Angers"]
[Date "1990.??.??"]
[Round "4"]
[White "Miralles, Gilles"]
[Black "Mercier, Jean Pierre"]
[Result "1-0"]
[WhiteElo "2460"]
[BlackElo "2245"]

1.d4 Nf6 2.c4 g6 3.Nf3 Bg7 4.g3 O-O 5.Bg2 d6 6.Nc3 Nbd7 7.O-O a6 8.Qc2 Rb8
9.a4 c5 10.Rd1 cxd4 11.Nxd4 Nc5 12.e4 Qb6 13.a5 Qb4 14.Bg5 Be6 15.Nxe6 fxe6
16.Qe2 b5 17.cxb5 axb5 18.a6 Nb3 19.a7 Rbc8 20.e5 Nxa1 21.exf6 exf6 22.Rxa1 Qc4
23.Qxc4 bxc4 24.Be3 d5 25.Nxd5 exd5 26.Bxd5+ Kh8 27.a8=Q Rxa8 28.Rxa8 Rxa8
29.Bxa8 f5 30.Bc1  1-0

[Event "Aosta op"]
[Site "Aosta"]
[Date "1990.??.??"]
[Round "4"]
[White "Drasko, Milan"]
[Black "Gallagher, Joseph G"]
[Result "0-1"]
[WhiteElo "2445"]
[BlackElo "2470"]

1.d4 Nf6 2.c4 g6 3.Nf3 Bg7 4.g3 O-O 5.Bg2 d6 6.O-O Nbd7 7.Nc3 e5 8.h3 Re8
9.e4 exd4 10.Nxd4 a6 11.Be3 Rb8 12.Qc2 c5 13.Nde2 b5 14.Rad1 Qe7 15.Bf4 Ne5
16.cxb5 axb5 17.Bg5 Qf8 18.f4 Nc4 19.Qc1 Ba6 20.e5 dxe5 21.fxe5 Nxe5 22.Bxf6 b4
23.Bxe5 Rxe5 24.Bd5 Rxd5 25.Rxd5 bxc3 26.Nxc3 Bd4+ 27.Rf2 Bb7 28.Rd7 Qe8
29.Rc7 Qe5 30.Rxf7 Qxg3+ 31.Kf1 Ba6+ 32.Ke1 Re8+  0-1

[Event "Athens (Women)"]
[Site "Athens"]
[Date "1990.??.??"]
[Round "?"]
[White "Voiska, Margarita"]
[Black "Makropoulou, Marina"]
[Result "1/2-1/2"]
[WhiteElo "2335"]
[BlackElo "2230"]

1.d4 Nf6 2.Nf3 g6 3.g3 Bg7 4.Bg2 O-O 5.c4 d6 6.O-O Nc6 7.d5 Na5 8.Nfd2 c5
9.Nc3 a6 10.Rb1 Rb8 11.b3 b5 12.Bb2 e5 13.Ba1 Bh6 14.e3 Bf5 15.Rc1 bxc4 16.bxc4 Bd3
17.Ne2 Qd7 18.Rc3 Bxe2 19.Qxe2 Qa4 20.Qd3 Qd7 21.Ra3 Qc7 22.f4 Nd7 23.Ne4 f5
24.Nxd6 Bg7 25.Bc3 Qxd6 26.Rxa5 e4 27.Qc2 Bxc3 28.Qxc3 Rb4 29.Qa3 Nb8 30.Rc1 Rf7
31.Qc3 Nd7 32.Qa3 Nb8 33.Qc3 Nd7 34.Qa3  1/2-1/2

[Event "Bad Wildbad"]
[Site "Bad Wildbad"]
[Date "1990.??.??"]
[Round "7"]
[White "Hauchard, Arnaud"]
[Black "Apicella, Manuel"]
[Result "1/2-1/2"]
[WhiteElo "2425"]
[BlackElo "2410"]

1.d4 Nf6 2.c4 g6 3.Nf3 Bg7 4.g3 O-O 5.Bg2 d6 6.O-O Nbd7 7.Qc2 e5 8.Rd1 Qe7
9.Nc3 Re8 10.e4 exd4 11.Nxd4 Nc5 12.f3 a5 13.Be3 c6 14.Re1 h5 15.Rad1 h4
16.Qf2 hxg3 17.hxg3 Nh7 18.Nde2 Be6 19.b3 a4 20.b4 Na6 21.c5 dxc5 22.bxc5 Nb4
23.Bf4 Nxa2 24.Nxa2 Bxa2 25.Bd6 Qd8 26.Nd4 Bc4 27.Rc1 Be6 28.Nxe6 Rxe6 29.e5 a3
30.Bf1 Re8 31.f4 Ra4 32.Bc4 Qd7 33.Qc2 Qh3 34.Re3 Rea8 35.Qa2 Kh8 36.Bf1 Qe6
37.Bc4 Qh3 38.Bf1 Qe6 39.Bc4  1/2-1/2

[Event "Bahrain"]
[Site "Bahrain"]
[Date "1990.??.??"]
[Round "6"]
[White "Smejkal, Jan"]
[Black "Bouaziz, Slim"]
[Result "1-0"]
[WhiteElo "2530"]
[BlackElo "2355"]

1.c4 g6 2.Nf3 Bg7 3.d4 Nf6 4.g3 O-O 5.Bg2 d6 6.O-O Nc6 7.Nc3 a6 8.d5 Na5
9.Nd2 c5 10.Qc2 Rb8 11.b3 b5 12.Rb1 Bd7 13.Bb2 Qc7 14.Nd1 bxc4 15.bxc4 Rb4
16.Ne3 Rfb8 17.Bc3 Rxb1 18.Nxb1 Ng4 19.Nxg4 Bxg4 20.Bxg7 Kxg7 21.h3 Bd7 22.Qc3+ Kg8
23.Nd2 Rb4 24.e4 f6 25.f4 Nb7 26.a3 Ra4 27.Rc1 Qa5 28.Qxa5 Rxa5 29.Rb1 Bc8
30.Rb3 Kf7 31.Bf1 Ke8 32.Kf2 Kd8 33.g4 Kc7 34.Be2 Nd8 35.h4 Nf7 36.Ke1 h6
37.Kd1 g5 38.hxg5 hxg5 39.f5 Bd7 40.Kc1 Ba4 41.Rh3 Kd8 42.Kb2 Ke8 43.Rh1 Ne5
44.Rh3 Nf7 45.Nf1 Kf8 46.Rc3 Ne5 47.Ne3 Kg7 48.Kc1 Kf7 49.Bd1 Bxd1 50.Kxd1 Nf3
51.Kc2 Nd4+ 52.Kb2 Ne2 53.Rc2 Nd4 54.Rc1 Ra4 55.Ra1 Kg7 56.Kc3 Kf8 57.Nd1 Kg7
58.Nb2 Ra5 59.a4 Kf7 60.Nd1 Kf8 61.Kb2 Nf3 62.Kc2 Nd4+ 63.Kd3 Nb3 64.Ra3 Nd4
65.Kd2 Ke8 66.Nb2 Kd8 67.Nd3 Nf3+ 68.Kc3 Kd7 69.Nc1 Nd4 70.Nb3 Nxb3 71.Kxb3 Ke8
72.Ra1 Kf8 73.e5 dxe5 74.Ka3 Ke8 75.Rb1 Kd7 76.Rb6 Ke8 77.Re6 Kf7 78.Kb3 Kf8
79.d6 exd6 80.Rxf6+ Ke7 81.Re6+ Kd7  1-0

[Event "Bela Crkva op"]
[Site "Bela Crkva"]
[Date "1990.??.??"]
[Round "1"]
[White "Zhachev, A."]
[Black "Djuric, Stefan"]
[Result "1-0"]
[WhiteElo "2410"]
[BlackElo "2495"]

1.Nf3 g6 2.c4 Bg7 3.d4 Nf6 4.g3 O-O 5.Bg2 d6 6.O-O Nbd7 7.Nc3 e5 8.Qc2 Nh5
9.Rd1 c6 10.dxe5 dxe5 11.Ne4 f5 12.Nd6 Qe7 13.c5 Ndf6 14.Ng5 Rd8 15.Qb3+ Kf8
16.Qf7+ Qxf7 17.Ngxf7 Rd7 18.Nxe5 Re7 19.f4 Be6 20.Be3 Bd5 21.Bd4 Bxg2 22.Kxg2 Nd5
23.Kf3 Nhf6 24.h3 Rd8 25.a3 Ne8 26.Nxe8 Rdxe8 27.Rd3 g5 28.e3 a5 29.Rb1 Kg8
30.b4 axb4 31.axb4 h5 32.b5 g4+ 33.hxg4 hxg4+ 34.Ke2 cxb5 35.Rxb5 Ra8 36.Bb2 Rd8
37.c6 Bxe5 38.cxb7 Bb8 39.Bf6 Nxf4+ 40.gxf4 Rxd3 41.Kxd3 Rd7+ 42.Bd4 Rf7
43.Be5 Rd7+ 44.Ke2 Rd8 45.Bxb8 Rxb8 46.Rxf5 Rxb7 47.Rg5+ Rg7 48.Rxg7+  1-0

[Event "Belgorod"]
[Site "Belgorod"]
[Date "1990.??.??"]
[Round "?"]
[White "Szekely, Peter"]
[Black "Kanstler, Boris"]
[Result "1/2-1/2"]
[WhiteElo "2420"]
[BlackElo "2430"]

1.Nf3 d6 2.d4 g6 3.g3 Bg7 4.Bg2 Nf6 5.c4 O-O 6.Nc3 Nc6 7.O-O Bf5 8.d5 Na5
9.Nd4 Bd7 10.b3 c5 11.dxc6 bxc6 12.Rb1 Rb8 13.Bb2 c5 14.Nc2 Nc6  1/2-1/2

[Event "Berliner Sommer"]
[Site "Berlin"]
[Date "1990.??.??"]
[Round "?"]
[White "Vyzmanavin, Alexey"]
[Black "Gruzmann, Boris"]
[Result "1/2-1/2"]
[WhiteElo "2560"]
[BlackElo "2340"]

1.d4 Nf6 2.c4 d6 3.Nf3 g6 4.g3 Bg7 5.Bg2 O-O 6.O-O c6 7.Nc3 Qa5 8.h3 e5 9.dxe5 dxe5
10.e4 Na6 11.Be3 Be6 12.Nd2 Nd7 13.a3 f5 14.exf5 gxf5 15.Qe2 Qd8 16.Nf3 Kh8
17.Ng5 Bg8 18.Rad1 Qe8 19.Rd6 Nb6 20.Bxb6 axb6 21.Rfd1 Nc5 22.g4 Nb3 23.gxf5 Nd4
24.Qg4 Rxf5 25.R6xd4 Rxg5 26.Qxg5 exd4 27.Ne4 Qe5  1/2-1/2

[Event "Bern zt"]
[Site "Bern"]
[Date "1990.??.??"]
[Round "10"]
[White "Fauland, Alexander"]
[Black "Hug, Werner"]
[Result "1/2-1/2"]
[WhiteElo "2480"]
[BlackElo "2445"]

1.d4 Nf6 2.c4 d6 3.Nf3 g6 4.g3 Bg7 5.Bg2 O-O 6.O-O a6 7.Nc3 c6 8.Qd3 Nbd7
9.h3 Rb8 10.e4 b5 11.cxb5 axb5 12.Rd1 b4  1/2-1/2

[Event "Biel op"]
[Site "Biel"]
[Date "1990.??.??"]
[Round "3"]
[White "Castagna, Renzo"]
[Black "Sinkovics, Peter"]
[Result "1-0"]
[WhiteElo "2230"]
[BlackElo "2390"]

1.d4 Nf6 2.c4 g6 3.Nf3 Bg7 4.g3 O-O 5.Bg2 d6 6.O-O Nc6 7.Nc3 a6 8.d5 Na5
9.Nd2 c5 10.Qc2 Rb8 11.b3 b5 12.Bb2 e5 13.dxe6 Bxe6 14.cxb5 axb5 15.Rad1 Qe7
16.Nce4 Bf5 17.Bxf6 Bxf6 18.Nxf6+ Qxf6 19.e4 Bg4 20.f3 Be6 21.f4 Qd4+ 22.Kh1 Qb4
23.f5 Bc8 24.e5 dxe5 25.Ne4 Rb6 26.fxg6 hxg6 27.Nf6+ Rxf6 28.Rxf6 Kg7 29.Rfd6 Bg4
30.Rf1 c4 31.Ra6 Be6 32.Qe4 Qc3 33.b4 Qxb4 34.Qxe5+ Kg8 35.Bd5 Bxd5+ 36.Qxd5 Kg7
37.Raf6 Qe7 38.Qd4 Kg8 39.h4 Rd8 40.Qf2 Rd7 41.h5 Qe4+ 42.Kg1 Qd4 43.Qxd4 Rxd4
44.hxg6 fxg6 45.Rxg6+ Kh7 46.Ra6 c3 47.Rxa5 b4 48.Rc5  1-0

[Event "Biel op"]
[Site "Biel"]
[Date "1990.??.??"]
[Round "5"]
[White "Foisor, Ovidiu"]
[Black "Nemet, Ivan"]
[Result "1/2-1/2"]
[WhiteElo "2395"]
[BlackElo "2435"]

1.d4 Nf6 2.c4 g6 3.Nf3 Bg7 4.g3 O-O 5.Bg2 d6 6.O-O c6 7.Nc3 Bf5 8.b3 Ne4
9.Bb2 Nxc3 10.Bxc3 Be4 11.Qd2 Nd7 12.Qe3 Nf6 13.Bh3 Bxf3 14.Qxf3 d5 15.cxd5 cxd5
16.Qd3 Qb6 17.Bb2 e6 18.Rfc1 Rfc8 19.Rc2 Rxc2 20.Qxc2 Bf8 21.Rc1 a5 22.a4 Ne4
23.e3 Bb4 24.Bg2 Nd6 25.Qd3 Rc8 26.Rxc8+  1/2-1/2

[Event "Biel op"]
[Site "Biel"]
[Date "1990.??.??"]
[Round "5"]
[White "Robert, Antonin"]
[Black "Vujovic, Milorad"]
[Result "1-0"]
[WhiteElo "2225"]
[BlackElo "2320"]

1.d4 Nf6 2.Nf3 g6 3.c4 Bg7 4.g3 d6 5.Bg2 O-O 6.O-O c6 7.Nc3 Qa5 8.h3 Qb4
9.Qd3 Be6 10.b3 Qa5 11.Bd2 Qa6 12.Ng5 Bc8 13.Rac1 h6 14.Nf3 Be6 15.Rfd1 d5
16.Ne5 dxc4 17.Nxc4 Rd8 18.e4 Nbd7 19.Be3 Nf8 20.Bf1 Rd7 21.Ne5 Qxd3 22.Nxd3 Rdd8
23.Nc5 Bc8 24.Bg2 N8d7 25.d5 cxd5 26.Nxd5 Nxd5 27.Rxd5 b6 28.Nxd7 e6 29.Rd2  1-0

[Event "Bielsko Biala op"]
[Site "Bielsko Biala"]
[Date "1990.??.??"]
[Round "4"]
[White "Jaworski, Miroslaw"]
[Black "Borkowski, Franciszek"]
[Result "0-1"]
[WhiteElo "2290"]
[BlackElo "2405"]

1.d4 d6 2.Nf3 Nf6 3.c4 g6 4.g3 Bg7 5.Bg2 O-O 6.O-O Nbd7 7.Nc3 e5 8.e4 Re8
9.h3 c6 10.Re1 exd4 11.Nxd4 Qb6 12.Na4 Qc7 13.Bf4 Ne5 14.Qc2 Nfd7 15.Rad1 Nc5
16.Be3 Qa5 17.Nxc5 dxc5 18.Nb3 Qa4 19.Bxc5 Qxc4 20.Qb1 a5 21.Rc1 Qd3 22.Re3 Qxb1
23.Rxb1 Nc4 24.Re2 a4 25.Na1 Rd8 26.b4 b6 27.Be7 Rd7 28.Bh4 Na3 29.Rc1 Ba6
30.Ree1 h6 31.e5 g5 32.Bxc6 Rad8 33.Bxd7 Rxd7 34.Bxg5 hxg5 35.Nc2 Nc4 36.e6 fxe6
37.Rxe6 Kf7 38.Rc6 Bb2 39.Re1 Ne5 40.Rxe5 Bxe5 41.Rxb6 Bc4 42.Ne3 Bxa2 43.Ra6 Bb3
44.b5 Rb7 45.b6 Bd4 46.Nf5 Bc5 47.Ra5 Bxb6  0-1

[Event "Bielsko Biala op"]
[Site "Bielsko Biala"]
[Date "1990.??.??"]
[Round "9"]
[White "Jaworski, Miroslaw"]
[Black "Grabarczyk, Bogdan"]
[Result "0-1"]
[WhiteElo "2290"]
[BlackElo "2310"]

1.d4 Nf6 2.Nf3 g6 3.c4 Bg7 4.g3 O-O 5.Bg2 d6 6.O-O Nbd7 7.Nc3 e5 8.e4 h6
9.h3 Nh7 10.Be3 Ng5 11.Nxg5 hxg5 12.d5 f5 13.g4 a5 14.exf5 gxf5 15.gxf5 Nc5
16.Ne4 Nxe4 17.Bxe4 Bxf5 18.Bxf5 Rxf5 19.Qg4 Qf6 20.Rac1 b6 21.Kg2 Kf7 22.Rh1 Rh8
23.Rcg1 Rh4 24.Qe2 e4 25.Kf1 Qxb2 26.Qxb2 Bxb2 27.Rxg5 Rxg5 28.Bxg5 Rh5 29.Be3 a4
30.Kg2 b5 31.cxb5 Rxd5 32.b6 cxb6 33.Bxb6 Rg5+ 34.Kf1 Rb5 35.Ba7 Be5 36.Be3 Rb2
37.a3 Rb1+ 38.Kg2 Rxh1 39.Kxh1 Bb2 40.Kg2 Bxa3 41.Bd4 Bc1  0-1

[Event "Bordeaux"]
[Site "Bordeaux"]
[Date "1990.??.??"]
[Round "4"]
[White "Gomez Esteban, Juan Mario"]
[Black "Etchegaray, Patrice"]
[Result "1-0"]
[WhiteElo "2400"]
[BlackElo "2280"]

1.d4 Nf6 2.Nf3 g6 3.c4 Bg7 4.g3 O-O 5.Bg2 d6 6.O-O Nbd7 7.Nc3 e5 8.e4 exd4
9.Nxd4 Nc5 10.h3 Re8 11.Re1 a5 12.Rb1 a4 13.Ndb5 Nfd7 14.Bg5 Qxg5 15.Nxc7 Qd8
16.Nxa8 Bxc3 17.bxc3 Qa5 18.Qxd6 Qxa8 19.e5 Qa5 20.Re3 Re6 21.Qd4 Qc7 22.f4 Rb6
23.Rxb6 Qxb6 24.Kh2 Qb2 25.Qd6 Ne6 26.a3 Nb6 27.Rd3 Bd7 28.c5 Nxc5 29.Qxc5 Qb5
30.Qxb5 Bxb5 31.Rd4 Nc4 32.Rxc4  1-0

[Event "Brocco op"]
[Site "Brocco"]
[Date "1990.??.??"]
[Round "3"]
[White "Landenbergue, Claude"]
[Black "Groszpeter, Attila"]
[Result "1/2-1/2"]
[WhiteElo "2380"]
[BlackElo "2555"]

1.d4 Nf6 2.c4 g6 3.g3 Bg7 4.Bg2 O-O 5.Nf3 d6 6.O-O Nbd7 7.Nc3 e5 8.e4 a6
9.Re1 Rb8 10.d5 b5  1/2-1/2

[Event "Spring op"]
[Site "Budapest"]
[Date "1990.??.??"]
[Round "1"]
[White "Fominyh, Alexander"]
[Black "Vlahovic, Milan"]
[Result "1-0"]
[WhiteElo "2525"]
[BlackElo "2230"]

1.d4 Nf6 2.Nf3 g6 3.c4 Bg7 4.g3 O-O 5.Bg2 d6 6.Nc3 Nbd7 7.O-O e5 8.Qc2 c6
9.b3 Re8 10.e3 a6 11.e4 exd4 12.Nxd4 Nc5 13.Rd1 Qb6 14.Bf4 Bg4 15.Rd2 Rad8
16.Be3 Bc8 17.h3 a5 18.Rad1 Nfd7 19.Nde2  1-0

[Event "Spring op"]
[Site "Budapest"]
[Date "1990.??.??"]
[Round "5"]
[White "Gorelov, Sergey G"]
[Black "Zila, Laszlo"]
[Result "1/2-1/2"]
[WhiteElo "2410"]
[BlackElo "2265"]

1.d4 Nf6 2.c4 g6 3.Nf3 Bg7 4.g3 O-O 5.Bg2 d6 6.O-O a6 7.Nc3 Nc6 8.b3 Rb8
9.Nd5 b5 10.Nxf6+ Bxf6 11.Bh6 Re8 12.cxb5 axb5 13.Rc1 Bb7 14.Qd2 e5 15.dxe5 Nxe5
16.Nxe5 Rxe5 17.Be3 Bxg2 18.Kxg2 Qd7 19.Rfd1 Rh5 20.h4 Rxh4 21.gxh4  1/2-1/2

[Event "Spring op"]
[Site "Budapest"]
[Date "1990.??.??"]
[Round "6"]
[White "Dovzik, Juri"]
[Black "Peric, S."]
[Result "1-0"]
[WhiteElo "2410"]
[BlackElo "2205"]

1.d4 Nf6 2.Nf3 g6 3.c4 Bg7 4.g3 O-O 5.Bg2 d6 6.Nc3 Nbd7 7.O-O e5 8.Qc2 exd4
9.Nxd4 Ng4 10.Nf3 Nge5 11.b3 Nc5 12.Bb2 Bf5 13.Qd2 Ne4 14.Nxe4 Bxe4 15.Nxe5 Bxg2
16.Nxf7 Rxf7 17.Kxg2 Bxb2 18.Qxb2 Qg5 19.Qd4 Raf8 20.Rad1 b6 21.Rd3 Qh5 22.Qe4 Qc5
23.Rf3 Rxf3 24.exf3 Rf5 25.Re1 a5 26.Qe6+ Rf7 27.f4 Kg7 28.h4 a4 29.bxa4 Qc6+
30.Qe4 Qxa4 31.h5 Qd7 32.h6+ Kxh6 33.Qd4 g5 34.f3 g4 35.Kf2 gxf3 36.g4 d5
37.Rh1+ Kg6 38.f5+  1-0

[Event "Budapest IM-B"]
[Site "Budapest"]
[Date "1990.??.??"]
[Round "8"]
[White "Kustar, Sandor"]
[Black "Farago, Sandor"]
[Result "1/2-1/2"]
[WhiteElo "2265"]
[BlackElo "2245"]

1.d4 Nf6 2.c4 g6 3.Nf3 Bg7 4.g3 O-O 5.Bg2 d6 6.O-O Nbd7 7.Nc3 c6 8.e4 e5
9.h3 Qb6 10.Re1 exd4 11.Nxd4 Ng4 12.hxg4 Bxd4 13.Qd2 a5 14.Rd1 Be5 15.Na4 Qb4
16.Qc2 Nc5 17.Nxc5 dxc5 18.Bf3 Be6 19.Be2 a4 20.Rb1 Bd4 21.Kg2 Qa5 22.Bd2 Qa6
23.Rbc1 Rfd8 24.Bc3 Bxc4 25.Bxc4 Qxc4 26.Bxd4 Qxc2 27.Rxc2 cxd4 28.Rc4 d3
29.Rc3 Rd4 30.Rcxd3 Rxe4 31.Rd7 Rb4 32.Rc7 Rxb2 33.Rdd7 Rf8 34.Rxb7 Rxa2
35.Ra7 Kg7 36.g5 h6 37.gxh6+ Kxh6 38.Rdc7 f5 39.Rxc6 f4 40.Raa6 f3+ 41.Kh3 Rg8
42.Kg4 Rxf2 43.Rf6 Ra2 44.Rxf3  1/2-1/2

[Event "Budapest IM-B"]
[Site "Budapest"]
[Date "1990.??.??"]
[Round "11"]
[White "Kiss, Attila"]
[Black "Popovic, Mladen"]
[Result "0-1"]
[WhiteElo "2355"]
[BlackElo "2275"]

1.d4 Nf6 2.c4 g6 3.Nf3 Bg7 4.g3 O-O 5.Bg2 d6 6.O-O c6 7.Nc3 Nbd7 8.e4 Qa5
9.h3 e5 10.Re1 Nh5 11.d5 c5 12.Nb5 Qb6 13.a4 a5 14.Ra3 Nb8 15.Nh2 Na6 16.f4 exf4
17.g4 Nf6 18.Bxf4 Ne8 19.Nf3 Bd7 20.e5 Bxb5 21.axb5 Nb4 22.Qd2 Qd8 23.e6 Qe7
24.Ng5 f5 25.Nf7 fxg4 26.hxg4 Bd4+ 27.Kh1 Rxf7 28.exf7+ Qxf7 29.Rf3 Qd7 30.Re6 Ng7
31.Rxd6 Qxg4 32.Rg3 Qh4+ 33.Rh3 Qe7 34.Bg3 Be3 35.Qe2 Nf5 36.Re6 Qg5 37.Be1 Bd4
38.d6 Rf8 39.Bxb7 Qg1+  0-1